[Event "ITA-ch sf 81st"]
[Site "Acqui Terme"]
[Date "2022.06.12"]
[Round "1"]
[White "Lumachi, Gabriele"]
[Black "Pegno, Mattia"]
[Result "1-0"]
[WhiteElo "2349"]
[BlackElo "2065"]
[PlyCount "71"]
[EventDate "2022.06.12"]
[EventType "swiss"]
[EventRounds "9"]
[EventCountry "ITA"]
[SourceTitle "CBM 208 Extra"]
[Source "ChessBase"]
[SourceDate "2022.07.31"]
[SourceVersion "1"]
[SourceVersionDate "2022.07.31"]
[SourceQuality "1"]

1. d4 d5 2. c4 e6 3. Nf3 Nf6 4. Nc3 c6 5. Qd3 Be7 6. e4 0-0 7. e5 Nfd7 8. h4 dxc4 9. Qxc4 h6 10. Be2 b5 11. Qb3 b4 12. Ne4 c5 13. Nxc5 Nxc5 14. dxc5 Bxc5 15. Be3 Bxe3 16. Qxe3 Qb6 17. Rc1 Qxe3 18. fxe3 Bb7 19. Rc7 Be4 20. h5 a5 21. Rh4 Bd5 22. a3 bxa3 23. bxa3 Na6 24. Rc3 Rfb8 25. Ra4 Rb1+ 26. Kf2 Rb6 27. Rxa5 g5 28. Nh2 Kg7 29. Ng4 Nc7 30. Rxa8 Nxa8 31. Nf6 Bc6 32. a4 Bb7 33. Bb5 g4 34. Rc4 g3+ 35. Kxg3 Kf8 36. Nd7+ 1-0